000
00516nam a2200133Ia 4500
008
100328s9999 xx 000 0 und d
082
_b
54507
100
_a
जोशी विनायक कृष्ण
245
_a
वृत्तपत्रांचा इतिहास खंड 1
260
_b
युगवाणी
630
_a
वृत्तपत्रांचा इतिहास खंड 1
730
_a
वृत्तपत्रांचा इतिहास खंड 1
942
_c
BOOK
999
_c
541223
_d
541220